000 00556nam a2200229Ia 4500
005 20250425161737.0
008 250425s9999 xx 000 0 und d
020 _a9681840054
041 _aspa
082 _a633.5
100 _aROBLES SANCHEZ, RAUL
245 0 _aPRODUCCION DE OLEAGINOSAS Y TEXTILES
250 _a3A ED.
260 _aMEXICO
260 _aMéxico
_bLIMUSA
_c1991
300 _a684
650 _aALGODON
650 _aPRODUCCION AGRICOLA
650 _aPRODUCCION DE OLEAGINOSAS Y TEXTILES
942 _c01
010 _a27113
999 _c215208
_d215208